MARC
| LEADER | 00000naa a2200000uu 4500 | ||
|---|---|---|---|
| 001 | vtls010955670 | ||
| 003 | SK-MaSNL | ||
| 005 | 20260225062754.0 | ||
| 008 | 210905|1995 xo |||||||||||||||||slo| | ||
| 015 | |a SNBRA | ||
| 035 | |a (urnnbn)urn:nbn:sk:snk:ar-a0bndt | ||
| 035 | |a (uuid)c6b825e1-c17b-424f-954b-cf9f0223d369 | ||
| 035 | |a urn:nbn:sk:snk-aaufbu | ||
| 040 | |a SNKBUCL |b slo |c SNKBUCL |e AACR2 | ||
| 041 | 0 | |a slo | |
| 044 | |a xo |c SK | ||
| 245 | 0 | 0 | |a Pavol DOBŠINSKÝ |
| 773 | 0 | |t Sto slávnych Slovákov |d Martin : Matica slovenská, 1995 |g S. [90]-91 |z 8070903538 | |
| 958 | |a OND | ||
| 958 | |a article11 | ||
| 958 | |a chapter | ||
| 999 | |c 1296549 |d 1298479 | ||


